NLSUI OPAC header image

Bureaucracy to Bureaucrazy (Record no. 21169)

MARC details
000 -LEADER
fixed length control field 00567nam a2200205Ia 4500
003 - CONTROL NUMBER IDENTIFIER
control field OSt
005 - DATE AND TIME OF LATEST TRANSACTION
control field 20210925161149.0
008 - FIXED-LENGTH DATA ELEMENTS--GENERAL INFORMATION
fixed length control field 160316s2004 xxu||||| |||| 00| 0 eng d
020 ## - INTERNATIONAL STANDARD BOOK NUMBER
International Standard Book Number 9788170491323
040 ## - CATALOGING SOURCE
Transcribing agency n
082 ## - DEWEY DECIMAL CLASSIFICATION NUMBER
Classification number 350.001000
Item number AGR
100 ## - MAIN ENTRY--PERSONAL NAME
Personal name Agrawal P K
245 ## - TITLE STATEMENT
Title Bureaucracy to Bureaucrazy
260 ## - PUBLICATION, DISTRIBUTION, ETC.
Place of publication, distribution, etc. New Delhi
Name of publisher, distributor, etc. Manas Publications
Date of publication, distribution, etc. 2004
300 ## - PHYSICAL DESCRIPTION
Extent 201
365 ## - TRADE PRICE
Price amount Rs.295
650 ## - SUBJECT ADDED ENTRY--TOPICAL TERM
Topical term or geographic name entry element 1. Public Admninistration - Bureaucracy - India2. Local Governments - Burocracy System - India
700 ## - ADDED ENTRY--PERSONAL NAME
Personal name Agrawal Ankur
--
942 ## - ADDED ENTRY ELEMENTS (KOHA)
Source of classification or shelving scheme Dewey Decimal Classification
Koha item type BOOKs
Holdings
Withdrawn status Lost status Damaged status Not for loan Home library Current library Shelving location Date acquired Cost, normal purchase price Total Checkouts Full call number Barcode Date last seen Price effective from Koha item type
        . . Library Compactors 30.05.2017 295.00   350.001 AGR 19229 30.05.2017 30.05.2017 BOOKs